Statistics for 日本の原発

Click here to take the quiz!

General Stats

  • This quiz has been taken 41 times
  • The average score is 12 of 21

Answer Stats

会社発電所% Correct
東京電力ホールディングス福島第一原子力発電所
97%
東京電力ホールディングス福島第二原子力発電所
97%
北海道電力泊発電所
82%
東京電力ホールディングス柏崎刈羽原子力発電所
76%
日本原子力発電東海発電所
74%
東北電力女川原子力発電所
74%
四国電力伊方発電所
68%
中国電力島根原子力発電所
61%
北陸電力志賀原子力発電所
61%
日本原子力発電敦賀発電所
58%
九州電力玄海原子力発電所
58%
関西電力大飯発電所
58%
関西電力高浜発電所
55%
九州電力川内原子力発電所
53%
東京電力ホールディングス東通原子力発電所
53%
東北電力東通原子力発電所
53%
関西電力美浜発電所
50%
中部電力浜岡原子力発電所
47%
日本原子力発電東海第二発電所
26%
電源開発大間原子力発電所
26%
中国電力上関原子力発電所
21%

Score Distribution

Percentile by Number Answered

Percent of People with Each Score

Your Score History

You have not taken this quiz